[Event "Ch URS"]
[Site "masterchessopen.com Moscow (Russia)"]
[Round "16"]
[White "Kotov Alexander A (RUS)"]
[Black "Bronstein David I (RUS)"]
[Result "1-0"]
[WhiteElo "2500"]
[BlackElo "2432"]

1.d4 Nf6 2.c4 d6 3.Nc3 e5 4.Nf3 Nbd7 5.g3 g6 6.Bg2 Bg7 7.O-O O-O 8.e4 c6 9.Be3
Ng4 10.Bg5 f6 11.Bc1 f5 12.Bg5 Qe8 13.dxe5 dxe5 14.exf5 gxf5 15.Re1 e4 16.Nh4
Nge5 17.f4 h6 18.Nxf5 Rxf5 19.Nxe4 Qf8 20.Nd6 Rxg5 21.fxg5 hxg5 22.Rf1 Qe7
23.Nf5 Qc5+ 24.Kh1 Nf6 25.Nxg7 Neg4 26.Rxf6 Kxg7 27.Rf1 Be6 28.Qe2 Rh8 29.h3
Ne3 30.b4 Qe5 31.Rae1 {#r} 1-0

[Event "It (team)"]
[Site "masterchessopen.com Saltsjobaden (Sweden)"]
[Round "0"]
[White "Salo Tapio (FIN)"]
[Black "Ekenberg Bengt (SWE)"]
[Result "0-1"]
[WhiteElo "2287"]
[BlackElo "2270"]

1.d4 Nf6 2.c4 d6 3.Nf3 Nbd7 4.g3 e5 5.Bg2 g6 6.O-O Bg7 7.Nc3 O-O 8.e4 c6 9.b3
Qe7 10.Bb2 Rd8 11.Re1 Nf8 12.h3 Ne8 13.Qd2 Ne6 14.d5 Nd4 15.dxc6 bxc6 16.Kh2
Bb7 17.Na4 c5 18.Nc3 Nc7 19.Nd5 Qd7 20.Rad1 Nce6 21.Nxd4 Nxd4 22.f4 Rf8
23.fxe5 Bxe5 24.Bxd4 cxd4 25.Nf4 f5 26.exf5 Rxf5 27.Bd5+ Bxd5 28.Nxd5 Raf8
29.Kg1 Rf3 30.Re2 Qxh3 31.Rg2 Bxg3 32.Ne7+ Kg7 33.Qxd4+ Be5 34.Qg4 Bh2+ 35.Kh1
Rf1+ 36.Rg1 Qxg4 {#R} 0-1

[Event "It"]
[Site "masterchessopen.com Reggio Emilia (Italy)"]
[Round "5"]
[White "Romani Elio (ITA)"]
[Black "Wade Robert G (ENG)"]
[Result "1-0"]
[WhiteElo "2275"]
[BlackElo "2148"]

1.d4 Nf6 2.Nf3 g6 3.g3 Bg7 4.Bg2 O-O 5.O-O d6 6.c4 Nbd7 7.Nc3 e5 8.e4 c6 9.d5
cxd5 10.cxd5 Nc5 11.Re1 a5 12.a4 b6 13.Nh4 Ba6 14.Bf1 Bxf1 15.Kxf1 Nfd7 16.Ra3
f5 17.exf5 gxf5 18.Qh5 f4 19.Nf5 Qf6 20.g4 Rfc8 21.Nb5 Bf8 22.Rh3 h6 23.Nbxd6
Bxd6 24.Nxh6+ Kf8 25.g5 Qg7 26.Nf5 Qg8 27.Qh6+ Ke8 28.Qxd6 Qxg5 29.Rh7 Rc7
30.Ng7+ {#r} 1-0

[Event "?"]
[Site "masterchessopen.com Bariloche (Argentina)"]
[Round "0"]
[White "Gonzalez Garcia Jose (MEX)"]
[Black "Eliskases Erich G (AUT)"]
[Result "0-1"]
[WhiteElo "2515"]
[BlackElo "2430"]

1.d4 Nf6 2.Nf3 g6 3.g3 Bg7 4.Bg2 O-O 5.O-O d6 6.c4 Nbd7 7.Nc3 e5 8.e4 c6
9.dxe5 dxe5 10.Be3 Qe7 11.Ne1 Nc5 12.Nd3 Nfd7 13.Nxc5 Nxc5 14.Bxc5 Qxc5 15.b3
b5 16.Qc2 bxc4 17.Na4 Qa5 18.bxc4 Rd8 19.Rfd1 Bg4 20.f3 Be6 21.Bf1 Rxd1
22.Rxd1 Rb8 23.Kh1 Bf8 24.Nc3 Ba3 25.Rb1 Rxb1 26.Nxb1 Qe1 27.Qd3 Bc5 {#R} 0-1

[Event "Ch World (match)"]
[Site "masterchessopen.com Moscow (Russia)"]
[Round "14"]
[White "Botvinnik Mikhail M (RUS)"]
[Black "Smyslov Vassily (RUS)"]
[Result "0-1"]
[WhiteElo "2630"]
[BlackElo "2494"]

1.d4 Nf6 2.c4 g6 3.g3 Bg7 4.Bg2 O-O 5.Nc3 d6 6.Nf3 Nbd7 7.O-O e5 8.e4 c6 9.Be3
Ng4 10.Bg5 Qb6 11.h3 exd4 { ! } 12.Na4 Qa6 13.hxg4 b5 14.Nxd4 ( 14.c5 dxc5
15.Nxc5 Nxc5 16.Be7 Ne6 { e } ) ( 14.Be7 Re8 15.Bxd6 bxa4 16.Nxd4 Ne5 { ! e }
) 14...bxa4 15.Nxc6 { ?! } ( 15.b3 Ne5 16.f3 d5 { ! # } ) 15...Qxc6 16.e5 Qxc4
17.Bxa8 Nxe5 { ^20 } 18.Rc1 ( 18.Qd5 Qxg4 { ^20 } ) ( 18.Qxd6 Be6 19.Bg2 Qxg4
{ ^20 } ) ( 18.Bd5 Qb5 { ! ? ?d3? } ) ( 18.Be7 Bxg4 19.Qd5 Qc8 20.Bxf8 Bf3 {
^20 } ) 18...Qb4 ( 18...Qb5 19.Be7 Bxg4 20.Qd5 ) 19.a3 { ! } 19...Qxb2 20.Qxa4
Bb7 { ! } ( 20...Bxg4 { ?! } 21.Qxa7 ) 21.Rb1 { ? } ( 21.Bxb7 Qxb7 22.Rc3 Nf3+
( 22...h6 23.Bf4 Nf3+ 24.Rxf3 Qxf3 25.Bxd6 Rd8 26.Bc5 Rd5 27.Bxa7 Be5 28.Re1 {
? ?e4 } ) 23.Rxf3 Qxf3 24.Be7 Rc8 25.Bxd6 ) 21...Nf3+ 22.Kh1 Bxa8 { ! ??+ } (
22...Qxb1 { ? } 23.Rxb1 Bxa8 24.Be7 ) 23.Rxb2 Nxg5+ { ! } 24.Kh2 Nf3+ 25.Kh3
Bxb2 26.Qxa7 Be4 27.a4 Kg7 28.Rd1 Be5 29.Qe7 Rc8 30.a5 Rc2 31.Kg2 Nd4+ 32.Kf1
Bf3 33.Rb1 Nc6 0-1

[Event "It"]
[Site "masterchessopen.com Dallas (USA)"]
[Round "0"]
[White "Reshevsky Samuel H (USA)"]
[Black "Evans Larry M (USA)"]
[Result "1-0"]
[WhiteElo "2430"]
[BlackElo "2470"]

1.d4 Nf6 2.Nf3 g6 3.g3 Bg7 4.Bg2 O-O 5.O-O d6 6.c4 Nbd7 7.Nc3 e5 8.e4 c6 9.Qc2
Re8 10.Rd1 exd4 11.Nxd4 a5 12.b3 Nc5 13.Bf4 Ng4 14.h3 Ne5 15.Be3 Qe7 16.f4
Ned7 17.Re1 f5 18.Bf2 fxe4 19.Nxe4 Nxe4 20.Rxe4 Qf7 21.Rxe8+ Qxe8 22.Re1 Qf8
23.Ne6 Qf7 24.Nc7 Rb8 25.Ba7 Bf8 26.Qe2 d5 27.Qe6 Nf6 28.Qxf7+ Kxf7 29.cxd5
{#r} 1-0

[Event "Ch World (team) (under 26)"]
[Site "masterchessopen.com Reykjavik (Iceland)"]
[Round "5"]
[White "Forintos Gyozo V (HUN)"]
[Black "Liebert Heinz (GER)"]
[Result "1-0"]
[WhiteElo "2317"]
[BlackElo "2247"]

1.c4 Nf6 2.g3 g6 3.Bg2 Bg7 4.Nf3 d6 5.O-O O-O 6.d4 Nbd7 7.Nc3 e5 8.e4 c6 9.Rb1
exd4 10.Nxd4 Nc5 11.h3 Re8 12.Re1 a5 13.Bf4 Bf8 14.Qc2 Nfd7 15.Rbd1 Ne5 16.b3
Qc7 17.Be3 f6 18.f4 Nf7 19.Rd2 Bg7 20.Rde2 f5 21.Bf2 Nh6 22.exf5 Rxe2 23.Qxe2
Bxf5 24.Nxf5 Nxf5 25.Qd2 Kf8 26.g4 Nh6 27.Bd4 Bxd4+ 28.Qxd4 Nf7 29.Qe3 Qd7
30.Ne4 Nxe4 31.Qxe4 Re8 32.Qxe8+ Qxe8 33.Rxe8+ Kxe8 34.g5 Ke7 35.Bf3 Nd8
36.Kf2 Ne6 37.Ke3 Nc5 38.Bg4 Ne6 39.h4 Ng7 40.Ke4 b6 41.f5 {#r} 1-0

[Event "Olympiad"]
[Site "masterchessopen.com Leipzig (Germany)"]
[Round "2"]
[White "Munoz Cezar (CHI)"]
[Black "Wotulo Max A (INA)"]
[Result "1-0"]
[WhiteElo "2138"]
[BlackElo "2245"]

1.d4 Nf6 2.Nf3 g6 3.g3 Bg7 4.Bg2 d6 5.O-O Nbd7 6.c4 O-O 7.Nc3 e5 8.e4 c6 9.b3
Re8 10.Bb2 Qc7 11.Qc2 Nf8 12.h3 Nh5 13.Rad1 Bd7 14.Rd2 Rad8 15.Rfd1 Qc8 16.Kh2
Bh6 17.Re2 Nf4 18.gxf4 Bxf4+ 19.Kg1 Bxh3 20.Ne1 exd4 21.Rxd4 Re5 22.Bc1 Bxc1
23.Qxc1 Rh5 24.Rd3 Bxg2 25.Nxg2 Ne6 26.Rg3 d5 27.exd5 cxd5 28.Nf4 Nxf4 29.Qxf4
Rf5 30.Qh4 d4 31.Nd5 Rdxd5 32.cxd5 d3 33.Rxd3 Qc1+ 34.Kg2 Rg5+ 35.Rg3 Rxd5
36.Qf6 Qc8 37.Rge3 {#r} 1-0

[Event "Ch Argentina"]
[Site "masterchessopen.com Buenos Aires (Argentina)"]
[Round "10"]
[White "Bielicki Carlos (ARG)"]
[Black "Casas Fernando (ARG)"]
[Result "1-0"]
[WhiteElo "2315"]
[BlackElo "2245"]

1.c4 Nf6 2.Nc3 g6 3.g3 Bg7 4.Bg2 O-O 5.d4 d6 6.Nf3 Nbd7 7.O-O e5 8.e4 c6 9.Re1
Qb6 10.h3 Qb4 11.Bf1 exd4 12.Nxd4 Re8 13.Nc2 Qb6 14.Be3 Qc7 15.Bg2 Nb6 16.b3
Nfd5 17.exd5 Bxc3 18.Bxb6 Qd7 19.Rxe8+ Qxe8 20.Be3 Bf5 21.Nd4 Bxa1 22.Nxf5 Be5
23.Nh6+ Kg7 24.dxc6 bxc6 25.Ng4 a5 26.Qf3 a4 27.Bh6+ Kh8 28.Nxe5 Qxe5 29.Qxf7
axb3 30.axb3 d5 31.h4 Rd8 32.Bg5 {#r} 1-0

[Event "Ch World (juniors)"]
[Site "masterchessopen.com Hague (Netherlands)"]
[Round "3"]
[White "Maalouf Carlos"]
[Black "Rosino Antonio (ITA)"]
[Result "0-1"]
[WhiteElo "2200"]
[BlackElo "2231"]

1.Nf3 Nf6 2.g3 g6 3.Bg2 Bg7 4.O-O O-O 5.d4 d6 6.c4 Nbd7 7.Nc3 e5 8.e4 c6 9.b3
Re8 10.Bb2 exd4 11.Nxd4 Nc5 12.Qc2 a5 13.a3 Qb6 14.Rad1 Nfd7 15.f4 Nxb3 16.Na4
Nxd4 17.Nxb6 Nxc2 18.Nxa8 Bxb2 19.Rd2 Bxa3 20.Rxc2 Nf8 21.Rb1 Bc5+ 22.Kf1 Nd7
23.Re2 Nf6 24.f5 Ng4 25.Rb3 a4 26.Rb1 Ne3+ 27.Kg1 Nxc4+ 28.Kh1 gxf5 29.Rc1 d5
30.e5 Be6 31.Nc7 Rc8 32.Nxe6 fxe6 33.Bf1 b5 34.Ra2 Rd8 35.Bd3 Be7 36.Re2 Ra8
37.Bxc4 dxc4 38.Rd1 a3 39.Rd7 a2 40.Rxa2 Rxa2 41.Rxe7 c3 {#R} 0-1

[Event "?"]
[Site "masterchessopen.com Buenos Aires (Argentina)"]
[Round "0"]
[White "Byrne Robert E (USA)"]
[Black "Rossetto Hector (ARG)"]
[Result "1-0"]
[WhiteElo "2434"]
[BlackElo "2285"]

1.d4 Nf6 2.c4 g6 3.g3 Bg7 4.Bg2 d6 5.Nf3 O-O 6.O-O Nbd7 7.Nc3 e5 8.e4 c6 9.Rb1
a5 10.h3 Re8 11.Re1 exd4 12.Nxd4 Nc5 13.Bf4 a4 14.Qd2 Nh5 15.Be3 Nf6 16.Bh6
Bxh6 17.Qxh6 Nfd7 18.Qd2 Qf6 19.f4 Nb6 20.Bf1 Bd7 21.Rbd1 Rad8 22.Qf2 Bc8
23.Nf3 Nbd7 24.Rd4 a3 25.b3 Ne6 26.Rd3 Ndc5 27.Rde3 Nd4 28.Nxd4 Qxd4 29.Bg2
Ne6 30.Nb1 Qc5 31.Qd2 Ng7 32.Kh2 f5 33.Nc3 Rf8 34.Rd3 Qa5 35.Rd1 Nh5 36.e5 g5
37.exd6 gxf4 38.gxf4 Rd7 39.Bf3 Nf6 40.Qg2+ Kh8 41.Qf2 {#r} 1-0

[Event "Ch Czechoslovakia (Army)"]
[Site "masterchessopen.com Prague (Czech Republic)"]
[Round "2"]
[White "Sorsak Jozef Sr (SVK)"]
[Black "Travnicek Peter (CZE)"]
[Result "0-1"]
[WhiteElo "2125"]
[BlackElo "2165"]

1.Nf3 Nf6 2.g3 g6 3.Bg2 Bg7 4.O-O d6 5.d4 O-O 6.c4 Nbd7 7.Nc3 e5 8.e4 c6 9.d5
cxd5 10.cxd5 Nc5 11.Ne1 a5 12.Be3 b6 13.f3 Ba6 14.Rf2 Nfd7 15.b3 f5 16.a3 f4
17.Bxc5 fxg3 18.hxg3 bxc5 19.Bh3 Bh6 20.Nc2 Rb8 21.Rb1 Nf6 22.Be6+ Kg7 23.f4
Nh5 24.f5 Qg5 25.Rg2 Rb7 26.b4 cxb4 27.axb4 axb4 28.Rxb4 Rxb4 29.Nxb4 Qe3+
30.Kh2 Qxc3 31.Nxa6 Qa5 32.Rc2 Qxa6 33.Rc7+ Kh8 34.Qg4 Nf6 35.Qh4 g5 36.Qh3
Qe2+ 37.Kg1 Ng4 38.Qg2 Qe3+ {#R} 0-1

[Event "Olympiad"]
[Site "masterchessopen.com Tel Aviv (Israel)"]
[Round "5"]
[White "Eliskases Erich G (AUT)"]
[Black "Thorsteinsson Bjorn (ISL)"]
[Result "1-0"]
[WhiteElo "2430"]
[BlackElo "2214"]

1.c4 Nf6 2.Nf3 g6 3.g3 Bg7 4.Bg2 O-O 5.O-O d6 6.d4 Nbd7 7.Nc3 e5 8.e4 c6 9.Rb1
Re8 10.h3 exd4 11.Nxd4 Nc5 12.Re1 a5 13.Bf4 Nh5 14.Be3 Be6 15.b3 Nf6 16.Qd2
Qc7 17.Bh6 Bxh6 18.Qxh6 Nfd7 19.Qd2 Qb6 20.Re3 Rad8 21.Kh2 f6 22.f4 Bf7 23.Nc2
Nf8 24.Rbe1 Kg7 25.Nd1 Qc7 26.Nf2 Re6 27.Nd4 Re7 28.Qc3 Nfd7 29.h4 h5 30.Bf3
Rde8 31.Kg2 Kh7 32.R1e2 Kg7 33.Kf1 Kh7 34.Re1 Kg7 35.R3e2 Kh7 36.Qd2 Kg7
37.Rd1 Rd8 38.Kg2 Kh7 39.Nc2 Nf8 40.Qd4 {#r} 1-0

[Event "Olympiad"]
[Site "masterchessopen.com Tel Aviv (Israel)"]
[Round "10"]
[White "Garcia Raimundo (ARG)"]
[Black "Medina-Garcia Antonio (ESP)"]
[Result "1-0"]
[WhiteElo "2327"]
[BlackElo "2253"]

1.d4 Nf6 2.c4 g6 3.g3 Bg7 4.Bg2 d6 5.Nf3 O-O 6.O-O Nbd7 7.Nc3 e5 8.e4 c6 9.Rb1
a6 10.dxe5 dxe5 11.b4 b5 12.c5 a5 13.a3 Re8 14.Bb2 Qc7 15.Re1 Nf8 16.Nd5 cxd5
17.exd5 axb4 18.axb4 Bf5 19.d6 Qd8 20.Rc1 e4 21.Ne5 Ra2 22.Bc3 Qa8 23.c6 Rd8
24.c7 Re8 25.Bf1 Qb7 26.Bd4 Bh6 27.Nc6 Bxc1 28.Ne7+ Rxe7 29.dxe7 N8d7 30.Bxf6
Nxf6 31.Qd8+ {#r} 1-0

[Event "Ch Argentina"]
[Site "masterchessopen.com Buenos Aires (Argentina)"]
[Round "10"]
[White "Behrensen Jorge (ARG)"]
[Black "Garcia Raimundo (ARG)"]
[Result "0-1"]
[WhiteElo "2325"]
[BlackElo "2327"]

1.d4 Nf6 2.c4 d6 3.Nf3 g6 4.Nc3 Bg7 5.g3 O-O 6.Bg2 Nbd7 7.O-O e5 8.e4 c6 9.Rb1
a5 10.b3 exd4 11.Nxd4 Re8 12.Be3 Qe7 13.Re1 Nc5 14.f3 Nfd7 15.Qc2 Ne5 16.Rbd1
Ne6 17.h3 Nxd4 18.Bxd4 Bxh3 19.Bxe5 Qxe5 20.Ne2 Bxg2 21.Kxg2 h5 22.Nc1 Rad8
23.Nd3 Qg5 24.f4 Qg4 25.Nf2 Qe6 26.c5 Bf8 27.cxd6 Bxd6 28.e5 Be7 29.g4 hxg4
30.Kg3 Qf5 31.Qc4 Kg7 32.Nxg4 Rh8 33.Rxd8 Bh4+ 34.Kf3 Bxd8 35.Rg1 Bb6 36.Rg3
Rd8 37.Ke2 Rd4 38.Ne3 Qh5+ {#R} 0-1

[Event "Ch Hungary"]
[Site "masterchessopen.com Budapest (Hungary)"]
[Round "0"]
[White "Barcza Gedeon (HUN)"]
[Black "Portisch Ferenc (HUN)"]
[Result "1-0"]
[WhiteElo "2435"]
[BlackElo "2342"]

1.g3 Nf6 2.Bg2 g6 3.c4 Bg7 4.Nc3 d6 5.d4 O-O 6.Nf3 Nbd7 7.O-O e5 8.e4 c6 9.Qc2
Qe7 10.Re1 a5 11.h3 exd4 12.Nxd4 Nc5 13.Be3 a4 14.Rad1 Re8 15.f4 Nfd7 16.Bf2
Nb8 17.a3 Nbd7 18.Nf3 Nb6 19.g4 Nxc4 20.Nd5 cxd5 21.exd5 Qd8 22.Rxe8+ Qxe8
23.Qxc4 Bxb2 24.Re1 Qf8 25.Qb5 Bxa3 26.Re8 Bd7 27.Rxf8+ Kxf8 28.Qb6 Ke7
29.Bh4+ {#r} 1-0

[Event "Olympiad"]
[Site "masterchessopen.com Habana (Cuba)"]
[Round "0"]
[White "Panno Oscar (ARG)"]
[Black "Cassidy Paul (IRL)"]
[Result "1-0"]
[WhiteElo "2438"]
[BlackElo "2126"]

1.d4 Nf6 2.c4 g6 3.Nf3 Bg7 4.g3 O-O 5.Bg2 d6 6.O-O Nbd7 7.Nc3 e5 8.e4 c6 9.Rb1
a6 10.Qc2 Qe7 11.Rd1 b5 12.h3 Nb6 13.c5 dxc5 14.Nxe5 Bb7 15.dxc5 Qxe5 16.cxb6
Qe6 17.Bf4 Ne8 18.a4 b4 19.Ne2 a5 20.Nd4 Qc8 21.Nb3 Nf6 22.Nc5 Re8 23.Rd6 Rb8
24.Rbd1 Nh5 25.Be3 Bf8 26.Nxb7 {#r} 1-0

[Event "Zt"]
[Site "masterchessopen.com Hague (Netherlands)"]
[Round "0"]
[White "Kavalek Lubomir (USA)"]
[Black "Garcia Orus Francisco (ESP)"]
[Result "1-0"]
[WhiteElo "2527"]
[BlackElo "2076"]

1.c4 Nf6 2.Nc3 d6 3.d4 e5 4.Nf3 Nbd7 5.e4 g6 6.g3 Bg7 7.Bg2 O-O 8.O-O c6 9.Rb1
Re8 10.h3 exd4 11.Nxd4 Nb6 12.b3 d5 13.exd5 cxd5 14.c5 Ne4 15.Nxe4 dxe4 16.Nb5
Nd5 17.Bb2 Bxb2 18.Rxb2 Qf6 19.Rd2 Qa6 20.Nd6 Nc3 21.Qa1 e3 22.Qxc3 exd2
23.Nxe8 Qxf1+ 24.Bxf1 {#r} 1-0

[Event "Ch Czechoslovakia (open)"]
[Site "masterchessopen.com Harrachov (Czech Republic)"]
[Round "3"]
[White "Filip Miroslav (CZE)"]
[Black "Jansa Vlastimil (CZE)"]
[Result "1-0"]
[WhiteElo "2465"]
[BlackElo "2478"]

1.d4 Nf6 2.c4 g6 3.Nc3 Bg7 4.g3 O-O 5.Bg2 d6 6.Nf3 Nbd7 7.O-O e5 8.e4 c6 9.Rb1
exd4 10.Nxd4 Re8 11.h3 Nc5 12.Re1 a5 13.Bf4 a4 14.Qd2 Qb6 15.Rbd1 Rd8 16.Qc2
Ne8 17.Bg5 Rd7 18.Be3 Re7 19.Kh2 Qb4 20.a3 Qa5 21.f4 Nf6 22.Bf2 Nfd7 23.Nf3
Nb6 24.Rxd6 Be6 25.Nb1 Nxc4 26.Rxe6 Nxe6 27.Qxc4 Bxb2 28.e5 Rd8 29.Re2 Ba1
30.Ra2 b5 31.Qxc6 Bd4 32.Nxd4 Nxd4 33.Qc3 Qb6 34.Nd2 Red7 35.Ne4 Qe6 36.Nf6+
Kg7 37.Nxd7 {#r} 1-0

[Event "It \"]
[Site "masterchessopen.com Kislovodsk (Russia)"]
[Round "0"]
[White "Geller Efim P (RUS)"]
[Black "Stefanov Parik (ROM)"]
[Result "1-0"]
[WhiteElo "2455"]
[BlackElo "2331"]

1.c4 Nf6 2.Nc3 g6 3.g3 Bg7 4.Bg2 O-O 5.d4 d6 6.Nf3 Nbd7 7.O-O e5 8.e4 c6 9.Re1
Qb6 10.h3 Re8 11.d5 cxd5 12.cxd5 Nc5 13.Bf1 Bd7 14.Nd2 a5 15.Nc4 Qc7 16.a4 Rf8
17.Be3 Ne8 18.Rc1 b6 19.Nb5 Bxb5 20.axb5 Rd8 21.Bg2 f5 22.exf5 gxf5 23.Qh5 Rb8
24.g4 Qd7 25.Bxc5 bxc5 26.b6 fxg4 27.Qxg4 Qxg4 28.hxg4 Nf6 29.g5 Nd7 30.Bh3
Nxb6 31.Be6+ Kh8 32.Nxd6 Rf4 33.Nf7+ Kg8 34.Nxe5+ Kf8 35.Rxc5 Bxe5 36.Rxe5 Rc4
37.Rxa5 Rc1+ 38.Kg2 Nc4 39.Rf5+ Ke8 40.Ra7 Rxb2 41.Rff7 {#r} 1-0

[Event "Zt"]
[Site "masterchessopen.com Vrnjacka Banja (Serbia)"]
[Round "7"]
[White "Jansa Vlastimil (CZE)"]
[Black "Vizantiadis Lazaros (GRE)"]
[Result "1-0"]
[WhiteElo "2478"]
[BlackElo "2222"]

1.d4 Nf6 2.c4 d6 3.Nf3 Nbd7 4.Nc3 e5 5.g3 g6 6.Bg2 Bg7 7.O-O O-O 8.e4 c6 9.Rb1
Rb8 10.b4 Qc7 11.h3 Ne8 12.Be3 a5 13.b5 exd4 14.Nxd4 Ne5 15.Qb3 cxb5 16.cxb5
Qc4 17.Rfd1 Qxb3 18.axb3 Nd7 19.Nd5 Nc5 20.b6 Be6 21.Nb5 Bxd5 22.Rxd5 Nf6
23.Rd4 Rfd8 24.Rc4 Ne6 25.Rd1 Bf8 26.f4 Nd7 27.Nxd6 Nxb6 28.Bxb6 Rxd6 29.Rxd6
Bxd6 30.e5 Bb4 31.g4 g5 32.f5 Nf4 33.Bc7 Re8 34.Bxb7 Nxh3+ 35.Kh2 Nf4 36.Bc6
Rc8 37.Bd7 Ra8 38.Kg3 Nd3 39.e6 Nc5 40.Bc6 Rc8 41.e7 Na6 42.Rxb4 {#r} 1-0

[Event "It (open)"]
[Site "masterchessopen.com Toronto (Canada)"]
[Round "9"]
[White "Brodie Hugh (CAN)"]
[Black "Handleman D"]
[Result "0-1"]
[WhiteElo "1958"]
[BlackElo "1700"]

1.Nf3 Nf6 2.g3 g6 3.Bg2 Bg7 4.c4 O-O 5.O-O d6 6.Nc3 e5 7.d4 Nbd7 8.e4 c6 9.d5
cxd5 10.cxd5 Nc5 11.Ne1 a5 12.Nd3 Nfd7 13.f4 Nxd3 14.Qxd3 Nc5 15.Qe2 b6 16.Qf3
Ba6 17.Rd1 f5 18.fxe5 fxe4 19.Qe3 Bxe5 20.Nxe4 Qd7 21.Rb1 Qg4 22.Bd2 Rae8
23.h3 Qf5 24.g4 Qf7 25.Bc3 Bxc3 26.bxc3 Nxe4 27.Bxe4 Rxe4 28.Qxe4 Qf2+ 29.Kh1
Be2 30.Rd3 Bxd3 31.Qxd3 Rf3 {#R} 0-1

[Event "Memorial A.Rubinstein"]
[Site "masterchessopen.com Polanica Zdroj (Poland)"]
[Round "13"]
[White "Padevsky Nikola (BUL)"]
[Black "Jansa Vlastimil (CZE)"]
[Result "1-0"]
[WhiteElo "2355"]
[BlackElo "2478"]

1.d4 Nf6 2.c4 d6 3.Nc3 Nbd7 4.Nf3 e5 5.g3 g6 6.Bg2 Bg7 7.O-O O-O 8.e4 c6 9.Qc2
Qe7 10.Rd1 Ne8 11.b3 f5 12.dxe5 dxe5 13.a4 a5 14.Ba3 Nc5 15.Ne1 f4 16.b4 axb4
17.Bxb4 Nc7 18.Nd5 cxd5 19.cxd5 N7a6 20.d6 Qf7 21.Bxc5 Be6 22.Bb6 Bb3 23.Qd2
Bxd1 24.Rxd1 fxg3 25.hxg3 Nb8 26.d7 Nc6 27.Nc2 Nd4 28.Nxd4 exd4 29.Bh3 Qf6
30.Bxd4 Qxd4 31.Qa2+ Kh8 32.Rxd4 Bxd4 33.Qd5 Bf6 34.Qd6 Kg7 35.e5 Bg5 36.e6
Ra6 37.Qd4+ Bf6 38.Qb4 {#r} 1-0

[Event "Ch Nordic"]
[Site "masterchessopen.com Linkoping (Sweden)"]
[Round "9"]
[White "Gliksman Darko (CRO)"]
[Black "Olsson Ake (SWE)"]
[Result "1-0"]
[WhiteElo "2125"]
[BlackElo "2255"]

1.d4 Nf6 2.c4 g6 3.Nf3 Bg7 4.g3 O-O 5.Bg2 d6 6.O-O Nbd7 7.Nc3 e5 8.e4 c6 9.Qc2
a6 10.b3 Re8 11.Rd1 b5 12.c5 exd4 13.Nxd4 dxc5 14.Nxc6 Qb6 15.e5 Bb7 16.exf6
Nxf6 17.Bg5 Bxc6 18.Rd6 Ne4 19.Bxe4 Rxe4 20.Qxe4 Bxe4 21.Rxb6 Bxc3 22.Rc1 Bb2
23.Re1 f5 24.Bf6 Ba3 25.Rd1 c4 26.Rd7 Bf8 27.bxc4 bxc4 28.Rc7 Bd5 29.Rd7 Bf3
30.Rc7 Re8 31.Bc3 Rd8 32.Rb1 Rd3 33.Bf6 Bd5 34.f3 Be6 35.Rb8 Bd7 36.Be7 Kf7
37.Bxf8 Ke6 38.Rxc4 Bb5 {#r} 1-0

[Event "Ch DDR"]
[Site "masterchessopen.com Schwerin (Germany)"]
[Round "0"]
[White "Golz Werner (GER)"]
[Black "Pfeil Hartmut (GER)"]
[Result "1-0"]
[WhiteElo "2410"]
[BlackElo "2300"]

1.c4 e5 2.Nc3 Nf6 3.g3 g6 4.Nf3 d6 5.d4 Nbd7 6.Bg2 Bg7 7.O-O O-O 8.e4 c6 9.Be3
Ne8 10.dxe5 dxe5 11.Bc5 {#r} 1-0

[Event "It"]
[Site "masterchessopen.com Varna (Bulgaria)"]
[Round "0"]
[White "Liebert Heinz (GER)"]
[Black "Tringov Georgi P (BUL)"]
[Result "1-0"]
[WhiteElo "2247"]
[BlackElo "2379"]

1.Nf3 g6 2.g3 Bg7 3.d4 Nf6 4.Bg2 O-O 5.O-O d6 6.c4 Nbd7 7.Nc3 e5 8.e4 c6 9.Rb1
Qc7 10.h3 a6 11.dxe5 dxe5 12.b4 Rd8 13.Qc2 a5 14.a3 axb4 15.axb4 Nf8 16.Be3
Be6 17.Nd2 Qd7 18.Kh2 Qd3 19.Qxd3 Rxd3 20.Rfc1 Ra3 21.Nd1 Rd7 22.Nb3 Rd8
23.Na5 Rd7 24.Rc2 Rad3 25.Nc3 Rc7 26.Bf1 Rd4 27.f3 b6 28.Nb3 c5 29.Nb5 Rc8
30.N3xd4 exd4 31.Bd2 N6d7 32.f4 Ra8 33.Bd3 h5 34.f5 Ne5 35.fxe6 Nxe6 36.Rb3
Ra1 37.Na3 Rd1 38.Ra2 h4 39.Be2 Rxd2 40.Rxd2 {#r} 1-0

[Event "It"]
[Site "masterchessopen.com Vrsac (Yugoslavia)"]
[Round "9"]
[White "Barcza Gedeon (HUN)"]
[Black "Ivkov Borislav (SRB)"]
[Result "0-1"]
[WhiteElo "2435"]
[BlackElo "2416"]

1.Nf3 Nf6 2.c4 g6 3.g3 Bg7 4.Bg2 O-O 5.O-O d6 6.Nc3 e5 7.d4 Nbd7 8.e4 c6 9.d5
Nc5 10.Ne1 cxd5 11.cxd5 a5 12.f3 Bd7 13.Nd3 b6 14.Rb1 Qc8 15.Rf2 b5 16.Be3
Nxd3 17.Qxd3 b4 18.Nb5 Qa6 19.a4 Ne8 20.Rc2 f5 21.b3 Bf6 22.Bf1 Bd8 23.Na7 Qb7
24.Nc6 Bb6 25.Be2 Nf6 26.Rc4 fxe4 27.fxe4 Ng4 28.Bxg4 Bxg4 29.Re1 Rf3 30.Rcc1
Raf8 31.Kh1 Qf7 32.Nxa5 Rxe3 33.Rxe3 Qf2 34.Rc2 Qxe3 35.Qxe3 Bxe3 36.Kg2 Bf3+
37.Kh3 g5 38.Nc4 {#R} 0-1

[Event "Ch Netherlands"]
[Site "masterchessopen.com Leeuwarden (Netherlands)"]
[Round "10"]
[White "Hartoch Robert G (NED)"]
[Black "Van Baarle C John (NED)"]
[Result "0-1"]
[WhiteElo "2198"]
[BlackElo "2212"]

1.c4 Nf6 2.Nc3 d6 3.d4 Nbd7 4.Nf3 g6 5.g3 Bg7 6.Bg2 O-O 7.O-O e5 8.e4 c6 9.Rb1
Re8 10.d5 Nc5 11.Qc2 cxd5 12.cxd5 Nfxe4 13.Nxe4 Nxe4 14.Be3 Bf5 15.Qe2 Nc5
16.Rbd1 Qd7 17.Nh4 Bh3 18.Bxh3 Qxh3 19.Bxc5 dxc5 20.Qb5 b6 21.d6 Rad8 22.b4
Qd7 23.Qxd7 Rxd7 24.bxc5 bxc5 25.Rd5 Rc8 26.Rc1 c4 27.Nf3 c3 28.Nxe5 Bxe5
29.Rxe5 Rxd6 30.Kf1 c2 31.Re2 Rd1+ 32.Re1 Rd4 33.Re2 Rd1+ 34.Re1 Rd4 35.Re2
Rdc4 36.Ke1 Kg7 37.Kd2 Ra4 38.Ra1 Rxa2 39.Rc1 Ra6 40.Re7 Rd6+ 41.Ke2 Re6+
42.Rxe6 fxe6 {#R} 0-1

[Event "Olympiad"]
[Site "masterchessopen.com Siegen (Germany)"]
[Round "12"]
[White "Smejkal Jan (CZE)"]
[Black "Geller Efim P (RUS)"]
[Result "1-0"]
[WhiteElo "2504"]
[BlackElo "2455"]

1.c4 g6 2.Nf3 Bg7 3.d4 Nf6 4.g3 O-O 5.Bg2 d6 6.O-O Nbd7 7.Nc3 e5 8.e4 c6 9.Be3
Qa5 10.h3 Qb4 11.Qe2 exd4 12.a3 Qa5 13.Nxd4 Nb6 14.Rfd1 Re8 15.Ndb5 Nxc4
16.Qxc4 Be6 17.Qe2 cxb5 18.Nxb5 Bb3 19.Rd4 d5 20.exd5 Nxd5 21.Rxd5 Bxd5
22.Bxd5 Rad8 23.Qc4 Rxd5 24.Qxd5 a6 25.Qxb7 axb5 26.Rd1 Bxb2 27.Rd7 Qa8
28.Qxb5 Bxa3 29.Ra7 {#r} 1-0

[Event "?"]
[Site "masterchessopen.com Havirov (Czech Republic)"]
[Round "0"]
[White "Jankovec Ivan (CZE)"]
[Black "Liebert Heinz (GER)"]
[Result "1-0"]
[WhiteElo "2180"]
[BlackElo "2420"]

1.Nf3 g6 2.d4 Bg7 3.g3 Nf6 4.Bg2 O-O 5.O-O d6 6.c4 Nbd7 7.Nc3 e5 8.e4 c6 9.Be3
Ng4 10.Bg5 Qb6 11.h3 exd4 12.Na4 Qa6 13.hxg4 b5 14.Be7 bxa4 15.Bxd6 c5 16.Bxf8
Nxf8 17.Nd2 Be6 18.b3 d3 19.e5 Rd8 20.f4 Qc8 21.g5 h6 22.gxh6 Bxh6 23.Ne4 Bg7
24.Qd2 Bg4 25.Bf3 Qf5 26.Rae1 Bxf3 27.Rxf3 Bxe5 28.Rxd3 Bd4+ 29.Kg2 Ne6 30.Ng5
Nxg5 31.fxg5 Kg7 32.Rf3 Qd7 33.Ref1 Rf8 34.b4 cxb4 35.Qxb4 Qc6 36.Re1 Rh8
37.Rf1 Qe4 38.Qd2 Re8 39.Kh1 a3 {#r} 1-0

[Event "It"]
[Site "masterchessopen.com Zagreb (Croatia)"]
[Round "6"]
[White "Csom Istvan (HUN)"]
[Black "Minic Dragoljub (CRO)"]
[Result "1-0"]
[WhiteElo "2480"]
[BlackElo "2490"]

1.Nf3 Nf6 2.g3 g6 3.Bg2 Bg7 4.c4 O-O 5.Nc3 d6 6.d4 Nbd7 7.O-O e5 8.e4 c6 9.Rb1
a5 10.h3 Ne8 11.Re1 Qe7 12.Kh2 f5 13.exf5 gxf5 14.dxe5 dxe5 15.Nxe5 Nxe5
16.Bf4 Nd6 17.Bxe5 Bxe5 18.f4 Nxc4 19.Bf1 Be6 20.Bxc4 Bxc4 21.Rxe5 Qf7 22.b3
Rad8 23.Qe1 Bd3 24.Rd1 Rd7 25.Na4 Bb5 26.Rxd7 Qxd7 27.Nc5 Qd4 28.Ne6 Qb2+
29.Kg1 Re8 30.Rxf5 c5 31.Re5 Bc6 32.Qe2 Qxe2 33.Rxe2 Bd7 34.f5 Bxe6 35.Rxe6
Rxe6 36.fxe6 b5 37.Kf2 Kf8 38.Ke3 Ke7 39.a4 c4 40.bxc4 bxa4 41.Kd4 Kxe6 42.g4
{#r} 1-0